Desarrollo rural y política : reflexiones sobre la experiencia argentina desde una perspectiva de gestión /
Guardado en:
| Autor Principal: | |
|---|---|
| Otros Autores: | , |
| Formato: | Libro |
| Idioma: | Spanish |
| Publicado: |
Buenos Aires :
Fundación Ciccus,
2012.
|
| Edición: | 1a ed. |
| Etiquetas: |
Agregar Etiqueta
Sin Etiquetas, Sea el primero en etiquetar este registro!
|
| LEADER | 00635nam a22001815a 4500 | ||
|---|---|---|---|
| 001 | EEA.libagro010401 | ||
| 005 | 20181011092039.0 | ||
| 008 | 150521s2012####ag############000#0#spa#d | ||
| 020 | |a 9789871599868 | ||
| 082 | 0 | 4 | |a 338.1882 |
| 100 | 1 | |a Lattuada, Mario. | |
| 245 | 1 | 0 | |a Desarrollo rural y política : |b reflexiones sobre la experiencia argentina desde una perspectiva de gestión / |c Lattuada, Márquez, Neme. |
| 250 | |a 1a ed. | ||
| 260 | |a Buenos Aires : |b Fundación Ciccus, |c 2012. | ||
| 300 | |a 238 p. ; |c 22 cm. | ||
| 700 | 1 | |a Márquez, Susana Ernestina. | |
| 700 | 1 | |a Neme, Jorge. | |
| 859 | |a AR-BbBCA |b BIB. AGRONOMIA |h 338.1882 |i L365 |p 2015/6527 | ||
